| 000 | 00415 a2200145 4500 | ||
|---|---|---|---|
| 040 |
_aDLC _bDLC |
||
| 082 | _a005.4469 | ||
| 100 | _aHat,Red | ||
| 245 |
_a Red hat linux 9 : red hat linux x86 installation guide _hRed, Hat |
||
| 260 |
_aUSA: _b Red Hat, Inc., _c 2003. |
||
| 300 |
_aiv, 127 p. _c24 cm. |
||
| 500 | _aIncludes Index | ||
| 650 | _a1.Linux 2.operating systems (computers) | ||
| 942 |
_cBK _k005.4469 RED _2ddc |
||
| 999 |
_c6305 _d6305 |
||